| 000 | 00456nam a22001697a 4500 | ||
|---|---|---|---|
| 999 |
_c526276 _d526276 |
||
| 003 | NUST | ||
| 020 | _qH/B | ||
| 038 | _awaseem | ||
| 082 |
_a954.7 _bMIR |
||
| 100 |
_aMir, Arif Ali _917246 |
||
| 245 |
_aTareek-e-Azadi Aur Gujarat / _cArif Ali Mir |
||
| 260 |
_aGujarat : _bAl-Mir Trust, _c2014. |
||
| 300 | _a536 p. ; | ||
| 880 |
_6100-01\r _aعارف علی میر |
||
| 880 |
_6245-02\r _aتحریک آزادی اور گجرات / |
||
| 942 |
_2ddc _cBK |
||